Statystyki dla przyznanie praw wyborczych kobietom

Kliknij tutaj aby rozwiązać quiz!

Ogólne statystyki

  • Ten quiz został rozwiązany 14 razy
  • Średni wynik to 13 z 15

Statystyki odpowiedzi

rok uchwaleniakraj% Poprawnych
1944 rokFrancja
100%
1918 rokNiemcy
100%
1918 rokPolska
100%
1918 rokAustria
93%
1913 rokNorwegia
93%
1971 rokSzwajcaria
93%
1918 rok (rozszerzone w 1928)Wielka Brytania
93%
1945 rokWłochy
93%
1915 rokDania
86%
1906 rokFinlandia
86%
1920 rokStany Zjednoczone
86%
1918 rokRosja
79%
1902 rokAustralia
71%
1919 rokHolandia
71%
1893 rokNowa Zelandia
71%

Rozkład punktacji

Percentyl według liczby udzielonych odpowiedzi

Procent ludzi z każdym wynikiem

Twoja historia wyników

Nie rozwiązałeś tego quizu